Blood on the Clocktower characters starting with A - Statistics

General Stats
  • This quiz has been taken 36 times
    16 since last reset
  • The average score is 7 of 10
Answer Stats
Hint Answer % Correct
Townsfolk Acrobat
100%
Townsfolk Alsaahir
88%
Minion Assassin
88%
Demon Al-Hadikhia
75%
Townsfolk Amnesiac
75%
Townsfolk Artist
75%
Townsfolk Atheist
75%
Traveller Apprentice
63%
Townsfolk Alchemist
50%
Fabled Angel
50%
No matching quizzes found
Score Distribution
Percent of People with Each Score
Percentile by Number Answered
Your Score History
You have not taken this quiz since the last reset